000 00285nam a22000857a 4500
008 161124b xxu||||| |||| 00| 0 eng d
100 _91392
_aCBSE
245 _aSample Question papers : Economoics, Business Studies, Accountancy and mathamatics
260 _aNew delhi
_bNational book trust
_c2007
999 _c4108
_d4108